00949 a2200181 45000010006000000050017000060080041000230030015000640400040000790800145001192450031002640200018002952640029003133000019003425050262003611000031006238560113006542231020260407155512.0260407a1983 arg spa dAR-UNSa-BCEJYS aAR-UNSa-BCEJYSbspacAR-UNSa-BCEJYS a658.012.4xGestión. Dirección. Autoridad. Técnicas y métodos de gestión (gestión del conocimiento, Outsourcing, Benchmarking...)10aLa dirección por sistema a968-18-0579-8 1aMéxico :bLimusac1983 a278 p.c23 cm. a1. Los sistemas - 2. Constitución de los sistemas - 3. Los sistemas en la empresa - 4. Fin y objeto - 5. El sistema de planificación - 6. El sistema de información - 7. El sistema organizativo - 8. El sistema de control - 9. Los sistemas operativos - 1 aPozo Navarro, Fernando del41uhttps://biblioeco.unsa.edu.ar/pmb/images/libros/La Direccion por Sistemas.jpgyImagen de portadaqimage/jpeg